000
00424nam a22001337a 4500
003
SGT
020
_a
9789386300751
082
_a
891.4309
_b
S17G
100
_a
गुप्ता, रेनू
245
_a
राजवंशी संसारी सन्यासी : श्री हनुमान प्रसाद
260
_b
प्रभात प्रकाशन
_c
2017
300
_a
295
942
_2
ddc
_c
BK
999
_c
29693
_d
29693